<?xml version="1.0" encoding="UTF-8"?>
<collection xmlns="http://www.loc.gov/MARC21/slim">
 <record>
  <leader>00867nam a2200157Ia 4500</leader>
  <controlfield tag="001">UIH_01523</controlfield>
  <controlfield tag="008">230809s9999    xx            000 0 und d</controlfield>
  <datafield tag="082" ind1=" " ind2=" ">
   <subfield code="a">628.162</subfield>
  </datafield>
  <datafield tag="100" ind1=" " ind2=" ">
   <subfield code="a">Kim, Thành Tiếng</subfield>
  </datafield>
  <datafield tag="245" ind1=" " ind2="0">
   <subfield code="a">Nghiên cứu ứng dụng phương pháp sinh học thiếu khí với vật liệu tiếp xúc dạng sợi chuyển động quay xử lý nước thải chế biến tinh bột khoai mì sai Biogas : Luận văn thạc sĩ - Chuyên ngành: Kỹ thuật môi trường</subfield>
  </datafield>
  <datafield tag="245" ind1=" " ind2="0">
   <subfield code="c">Kim, Thành Tiếng</subfield>
  </datafield>
  <datafield tag="260" ind1=" " ind2=" ">
   <subfield code="b">Trường Đại học Công nghiệp Tp. Hồ Chí Minh</subfield>
  </datafield>
  <datafield tag="260" ind1=" " ind2=" ">
   <subfield code="c">2019</subfield>
  </datafield>
  <datafield tag="650" ind1=" " ind2=" ">
   <subfield code="a">Kỹ thuật môi trường;Xử lý nước thải</subfield>
  </datafield>
  <datafield tag="927" ind1=" " ind2=" ">
   <subfield code="a">Luận văn</subfield>
  </datafield>
  <datafield tag="980" ind1=" " ind2=" ">
   <subfield code="a">Trung tâm Thư viện - Trường Đại học Công nghiệp TP. Hồ Chí Minh</subfield>
  </datafield>
 </record>
</collection>
